Väkirikkaimpien valtioiden pääkaupungit - Statistics

Yleistilastot
  • Tätä visaa on pelattu 595 kertaa
  • Keskiarvotulos 13 / 20
Vastaustilastot
Valtio Pääkaupunki % Oikein
Kiina Peking
96%
Intia New Delhi
94%
Yhdysvallat Washington DC
94%
Venäjä Moskova
90%
Japani Tokio
89%
Brasilia Brasilia
85%
Meksiko México
75%
Indonesia Jakarta
73%
Egypti Kairo
68%
Saksa Berliini
66%
Thaimaa Bangkok
59%
Turkki Ankara
58%
Filippiinit Manila
58%
Pakistan Islamabad
54%
Vietnam Hanoi
53%
Iran Teheran
53%
Bangladesh Dhaka
50%
Kongon dem. tasavalta Kinshasa
44%
Nigeria Abuja
43%
Etiopia Addis Abeba
42%
Ehtoja vastaavia visoja ei löytynyt
Tulosjakauma
Jokaisen tuloksen saaneiden osuus
Persentiili vastausten määrän mukaan
Tuloshistoriasi
Et ole pelannut tätä visaa